| 000 | 00734cam a22002295a 4500 | ||
|---|---|---|---|
| 001 | 18326543 | ||
| 005 | 20160531125255.0 | ||
| 008 | 141006t2015 ne a frb 001 0 eng d | ||
| 020 | _a9780124114616 | ||
| 040 |
_aDLC _beng _cDLC _dDLC _dEG-ScBUE |
||
| 082 | 0 | 4 |
_222 _a658.472 _bSHE |
| 100 | 1 |
_aSherman, Rick. _940102 |
|
| 245 | 1 | 0 |
_aBusiness intelligence guidebook : _bfrom data integration to analytics / _cRick Sherman. |
| 260 |
_aWaltham : _bMorgan Kaufmann / Elsevier, _cc.2015. |
||
| 300 |
_axxiii, 525 p. : _bill. ; _c24 cm. |
||
| 500 | _aIndex : p. 513-525. | ||
| 504 | _aIncludes bibliographical references. | ||
| 650 | 7 |
_aBusiness intelligence. _2BUEsh _93881 |
|
| 651 | _2BUEsh | ||
| 653 |
_bBUSADM _cMay2016 |
||
| 942 | _2ddc | ||
| 999 |
_c21832 _d21804 |
||